书目信息 |
| 题名: |
盆景学
|
|
| 作者: | 彭春生 , 李淑萍 主编 | |
| 分册: | ||
| 出版信息: | 北京 中国林业出版社 2009 |
|
| 页数: | 10,430页 | |
| 开本: | 26cm | |
| 丛书名: | ||
| 单 册: | ||
| 中图分类: | S688.1 | |
| 科图分类: | ||
| 主题词: | 盆景--高等学校--教材 , 盆景 | |
| 电子资源: | ||
| ISBN: | 978-7-5038-5595-5 | |
| 000 | 00857nam0 2200277 450 | |
| 001 | 012015000255 | |
| 005 | 20150914162620.70 | |
| 010 | @a978-7-5038-5595-5@dCNY42.00 | |
| 100 | @a20091014d2009 em y0chiy50 ea | |
| 101 | 0 | @achi@eeng |
| 102 | @aCN@b110000 | |
| 105 | @aa z 000yy | |
| 106 | @ar | |
| 200 | 1 | @a盆景学@Apen jing xue@f彭春生,李淑萍主编 |
| 205 | @a3版 | |
| 210 | @a北京@c中国林业出版社@d2009 | |
| 215 | @a10,430页@c图@d26cm@e1光盘 | |
| 300 | @a普通高等教育“十一五”国家级规划教材 高等院校园林专业通用教材 | |
| 330 | @a本书内容包括:盆景概说、盆景创作、养护、欣赏、销售和盆景简介。 | |
| 606 | 0 | @a盆景@x高等学校@j教材 |
| 606 | 0 | @a盆景 |
| 690 | @aS688.1@v5 | |
| 701 | 0 | @a彭春生@Apeng chun sheng@f(1941~)@4主编 |
| 701 | 0 | @a李淑萍@Ali shu ping@4主编 |
| 801 | 0 | @aCN@b碧洲教育@c20150716 |
| 905 | @a10447@f4@dS688.1@e369=3 | |
| 盆景学/彭春生,李淑萍主编.-3版.-北京:中国林业出版社,2009 |
| 10,430页:图;26cm+1光盘 |
| 普通高等教育“十一五”国家级规划教材 高等院校园林专业通用教材 |
| ISBN 978-7-5038-5595-5:CNY42.00 |
| 本书内容包括:盆景概说、盆景创作、养护、欣赏、销售和盆景简介。 |
| ● |
| 相关链接 |
|
|
|
|
正题名:盆景学
索取号:S688.1/369=3
 
预约/预借
| 序号 | 登录号 | 条形码 | 馆藏地/架位号 | 状态 | 备注 |
| 1 | 0870065 | 208700654 | 第二样本阅览室/ [索取号:S688.1/369=3] | 在馆 | |
| 2 | 0870066 | 208700663 | 第三借阅区/ [索取号:S688.1/369=3] | 在馆 | |
| 3 | 0870067 | 208700672 | 密集书库-生命科学系/ [索取号:S688.1/369=3] | 在馆 | |
| 4 | 0870068 | 208700681 | 第三借阅区/ [索取号:S688.1/369=3] | 在馆 |